000 01226cam a22002054a 4500
005 20250605164110.0
008 250528s ||||||||||||||||||||||||d
035 _a17881
020 _a9781843982180
040 _aGR-AtMCL
_bgre
_dGR-AtMCL
_eAACR2
245 1 _aThe Business Skills Handbook / Everything you need to Succeed in your Studies and at Work
250 _a1st
260 _bCipd (Chartered Institute of Personnel and Development),
_c2009
300 _a510
520 _aThis book is the first to cover all the business skills that students need at university and at work. Preface, Organizing Life and Work, How to Study, Learning and Skills, What are the Key Skills of University Life and the Workplace?, Working in Terms, Effective Reading Skills, Developing Good Writing Skills, Presentation Communication, Business Calculations, Critical Reading and Writing Skills, Analysis and Evaluation Skills, Examinations and Assignments, Thinking and Memory Skills, Word Processor Skills, Being Effective with Spreadsheets, Project Management Skills, Social Skills, Leadership and Coaching and Mentoring Skills, Bibliography, Index.
700 1 _aHorn Roy
_94175
942 _cBK
999 _c3280
_d3280